Sports Quiz

Random Sports or Football Quiz

England Tournament Squad Rookies Quiz Stats

 Plays Quiz not verified by Sporcle

Also try: NCAA and NBA Title
Challenge
Share
Tweet
Embed
Score 0/52 Timer 10:00
0 Plays Today
Tournament Player % Correct
World Cup 2006Theo Walcott
91.2%
World Cup 1998Michael Owen
85.4%
Euro 1996Phil Neville
77.7%
World Cup 1998Rio Ferdinand
73%
Euro 2000Steven Gerrard
70.5%
Euro 2000Richard Wright
66.4%
World Cup 1990*David Seaman
66.2%
World Cup 2014Fraser Forster
65.8%
World Cup 1990Paul Parker
65.4%
Euro 1996Robbie Fowler
65%
Euro 2012Danny Welbeck
64.1%
Euro 1996Ian Walker
63.7%
Euro 2004Ian Walker
63.7%
World Cup 2010Joe Hart
62.3%
Euro 1992Alan Shearer
60.9%
Euro 2012Andy Carroll
60.9%
Euro 1996Sol Campbell
59.2%
World Cup 2014Raheem Sterling
58.8%
Euro 2012**Jack Butland
58.2%
Euro 2016Marcus Rashford
57%
World Cup 2006Aaron Lennon
55.9%
Euro 2012Phil Jones
55.3%
World Cup 2002Trevor Sinclair
54.9%
Euro 2012**Jordan Henderson
54.3%
Euro 2012Alex Oxlade-Chamberlain
54.1%
Euro 2000Gareth Barry
53.9%
Tournament Player % Correct
Euro 2004Paul Robinson
53.7%
Euro 2016Tom Heaton
52.6%
Euro 2016Danny Rose
50.9%
Euro 1992Nigel Martyn
50.4%
World Cup 1990David Platt
49%
World Cup 2006Scott Carson
49%
Euro 1996Gareth Southgate
47.5%
Euro 2012**Martin Kelly
47.5%
Euro 1996Jamie Redknapp
46.1%
World Cup 2006Stewart Downing
46.1%
World Cup 2002Darius Vassell
45.9%
Euro 2004Ledley King
45.9%
World Cup 2014Luke Shaw
44.7%
World Cup 2010Michael Dawson
37.9%
Euro 1992Carlton Palmer
37.3%
World Cup 2010Stephen Warnock
37.1%
Euro 1992Paul Merson
36.7%
Euro 2000Kevin Phillips
36.1%
World Cup 1990**Dave Beasant
35.2%
World Cup 2002Wayne Bridge
33.4%
Euro 2012*John Ruddy
33.4%
World Cup 1990Tony Dorigo
29.5%
Euro 1996Steve Howey
26.8%
Euro 1992Andy Sinton
25.2%
Euro 1992Keith Curle
24.2%
Euro 1992Tony Daley
19.9%

You're not logged in!

Compare scores with friends on all Sporcle quizzes.
OR
Log In

You Might Also Like...

Show Comments

Extras

Top Quizzes Today


Score Distribution

Your Account Isn't Verified!

In order to create a playlist on Sporcle, you need to verify the email address you used during registration. Go to your Sporcle Settings to finish the process.

Report this User

Report this user for behavior that violates our Community Guidelines.

Details: